00746nam a22002177a 450000500170000001000150001702000270003203500140005903700100007308200130008310000220009624501300011825000060024826000420025427001070029630000200040370000330042370000310045670000350048776000060052220250602163635.0 aENG-145152 a9789392568633c2099.00 aEN-128684 bDBAD  a332.121 aR. Vijaya Lakshmi aPublic and Private Sector Bank Employee Engagement Practices:bA Study Conducted in ChhattisgarhcR. Vijaya Lakshmi...[et.al] a1 aChhattisgrahbAditi Publicationc2024 a Opp. New Panchajanya Vidya Mandir, Near Tiranga Chowk, Kushalpur,RaipurbChhattisgrahk+91 9425210308 a138p.c20cm(pb) aChandra, Ashok KumareAuthor aSoma, Mahesh KumareAuthor aRao, G.V.V Jagannadha eAuthor b1